000 00700nam a2200229 4500
003 OSt
005 20240605064426.0
006 a
008 240605b |||||||| |||| 00| 0 eng d
020 _a9710869108
040 _aDWCL-Main lib.
_cOC
082 _2fifth edition
_aFil. 808.5 F633e 2008
100 _aFlores, Carmelita S
245 _aEffective speech communication /
250 _afifth edition
260 _aMandaluyong City, Phils. :
_bNational Book Store,
_cc2008.
300 _axxv,
_b470 pages : illustrations ;
_c25 cm.
504 _aIncludes bibliography.
650 _a1. Oral communication.
700 _aCarmelita S Flores
942 _2ddc
_n0
_cBK - FIL
_efifth edition
_kFil.
999 _c199
_d199